| 000 | 00767nam a22002537a 4500 | ||
|---|---|---|---|
| 003 | OSt | ||
| 005 | 20260415095945.0 | ||
| 008 | 260415b |||||||| |||| 00| 0 eng d | ||
| 010 | _a6913495 | ||
| 040 |
_bENG _cAVON |
||
| 050 |
_aBF 637.H37 1969 _b.H37 1969 |
||
| 100 |
_a Harris, Thomas A., _d 1910-1995. |
||
| 245 |
_aI'm OK--you're OK / _cThomas A. Harris. |
||
| 250 | _aFIRST EDITION. | ||
| 260 |
_aNew York : _bAvon Books, _c1969 |
||
| 300 |
_a317 pages ; _c18cm. |
||
| 504 | _aIncludes bibliographical references. | ||
| 650 | _aTransactional analysis. | ||
| 650 | _a Interpersonal relations. | ||
| 650 | _aSelf-actualization (Psychology). | ||
| 650 | _aPsychology, Applied. | ||
| 655 |
_2lcgft _aSelf-help publications. |
||
| 942 |
_2lcc _cBK _e1st ed. _n0 |
||
| 999 |
_c10065 _d10065 |
||